Zeitschrift für Organisation
Gespeichert in:
| Format: | Schriftenreihe |
|---|---|
| Sprache: | Deutsch |
| Veröffentlicht: |
Wiesbaden
Betriebswirtschaftlicher Verlag
|
| Tags: |
Keine Tags, Fügen Sie das erste Tag hinzu!
|
MARC
| LEADER | 00000nas1a2200000 4500 | ||
|---|---|---|---|
| 001 | s123371 | ||
| 005 | 20041019155352.9 | ||
| 041 | 0 | |a ger | |
| 044 | |a DE | ||
| 245 | 1 | 0 | |a Zeitschrift für Organisation |
| 264 | 1 | |a Wiesbaden |b Betriebswirtschaftlicher Verlag | |